000 00513nam a2200181Ia 4500
008 151018s9999 xx 000 0 und d
082 _bRBASDV46488
_a891.463
100 _aबागुल चारुदत्त
245 _aखंडणी
250 _b1
260 _bपायल
_c2008
300 _a152
600 _aबागुल चारुदत्त
630 _aखंडणी
700 _aबागुल चारुदत्त
730 _aखंडणी
942 _cBOOK
999 _c1045643
_d1045640